书目信息 |
| 题名: |
教育与心理统计学
|
|
| 作者: | 李运华 , 杨新宇 编著 | |
| 分册: | ||
| 出版信息: | 南昌 江西高校出版社 2022.03 |
|
| 页数: | 374页 | |
| 开本: | 21cm | |
| 丛书名: | ||
| 单 册: | ||
| 中图分类: | G40-051 | |
| 科图分类: | ||
| 主题词: | 教育统计--心理统计--统计学 | |
| 电子资源: | ||
| ISBN: | 978-7-5493-8388-7 | |
| 000 | 00836nam0 2200241 450 | |
| 001 | 012001001130 | |
| 005 | 20141202112400.0 | |
| 010 | @a978-7-5493-8388-7@dCNY56.00 | |
| 100 | @a20220905d2020 em y0chiy50 ea | |
| 101 | 0 | @achi |
| 102 | @aCN@b360000 | |
| 105 | @aak z 000yy | |
| 106 | @ar | |
| 200 | 1 | @a教育与心理统计学@Ajiao yu yu xin li tong ji xue@f李运华,杨新宇编著 |
| 210 | @a南昌@c江西高校出版社@d2022.03 | |
| 215 | @a374页@c图@d21cm | |
| 330 | @a本书结合SPSS实操及其分析,系统论述了教育与心理统计学内容,包括:数据的整理;集中量数;差异量数;相关分析;参数估计;统计假设检验;方差分析;卡方检验等。 | |
| 606 | 0 | @a教育统计@x心理统计@x统计学 |
| 690 | @aG40-051@v5 | |
| 701 | 0 | @a李运华@Ali yun hua@4编著 |
| 701 | 0 | @a杨新宇@Ayang xin yu@4编著 |
| 801 | 0 | @aCN@bAHXH@c20221111 |
| 905 | @b1370485-9@dG40-051@e1317@f5 | |
| 教育与心理统计学/李运华,杨新宇编著.-南昌:江西高校出版社,2022.03 |
| 374页:图;21cm |
| ISBN 978-7-5493-8388-7:CNY56.00 |
| 本书结合SPSS实操及其分析,系统论述了教育与心理统计学内容,包括:数据的整理;集中量数;差异量数;相关分析;参数估计;统计假设检验;方差分析;卡方检验等。 |
| ● |
| 相关链接 |
|
|
|
|
正题名:教育与心理统计学
索取号:G40-051/1317
 
预约/预借
| 序号 | 登录号 | 条形码 | 馆藏地/架位号 | 状态 | 备注 |
| 1 | 1370485 | 213704856 | 第一样本阅览室/ [索取号:G40-051/1317] | 在馆 | |
| 2 | 1370486 | 213704865 | 教育系资料室/ [索取号:G40-051/1317] | 在馆 | |
| 3 | 1370487 | 213704874 | 教育系资料室/ [索取号:G40-051/1317] | 在馆 | |
| 4 | 1370488 | 213704883 | 第四借阅区/ [索取号:G40-051/1317] | 在馆 | |
| 5 | 1370489 | 213704892 | 第四借阅区/ [索取号:G40-051/1317] | 在馆 |